| 000 -ლიდერი |
| ფიქსირებული სიგრძის საკონტროლო ველი |
00811nam a2200217Ia 4500 |
| 001 - საკონტროლო ნომერი |
| საკონტროლო ველი |
4461 |
| 003 - საკონტროლო ნომრის იდენტიფიკატორი |
| საკონტროლო ველი |
GE_BSU |
| 005 - ბოლო ოპერაციის თარიღი და დრო |
| საკონტროლო ველი |
20190520151138.0 |
| 008 - ფიქსირებული სიგრძის მონაცემთა ელემენტები - ზოგადი ინფორმაცია |
| ფიქსირებული სიგრძის საკონტროლო ველი |
181216s1977||||ge |||||||||||||| ||geo|| |
| 040 ## - კატალოგიზაციის წყარო |
| Transcribing agency |
GE_BSU |
| 041 ## - ენის კოდი |
| Language code of text/sound track or separate title |
geo |
| 080 ## - უნივერსალური ათობითი კლასიფიკაციის ინდექსი |
| Universal Decimal Classification number |
539.2(075.8) კ–83 |
| 100 ## - მთავარი ჩანაწერი - პიროვნების სახელი |
| Personal name |
კუკულაძე, გ |
| 9 (RLIN) |
1397 |
| 245 ## - ცნობა სათაურის შესახებ |
| Title |
მყარი სხეულის ფიზიკა : სახელმძღ. / |
| Statement of responsibility, etc |
გ. კუკულაძე ; რედ : დ.ღონღაძე. |
| 264 ## - წარმოების, გამოცემის, დისტრიბუციის და სხვა ცნობები |
| გამოცემის, წარმოების, დისტრიბუციის... ადგილი |
თბილისი : |
| გამოცემის, წარმოების, დისტრიბუციის... სახელწოდება |
განათლება, |
| გამოცემის, წარმოების, დისტრიბუციის... თარიღი |
1977. |
| 300 ## - ფიზიკური აღწერა |
| Extent |
279 გვ .: |
| Dimensions |
22 სმ. |
| 653 ## - INDEX TERM--UNCONTROLLED |
| Uncontrolled term |
მყარი სხეულის ფიზიკა |
| 653 ## - INDEX TERM--UNCONTROLLED |
| Uncontrolled term |
ფიზიკა |
| 700 ## - ADDED ENTRY--PERSONAL NAME |
| Personal name |
ღონღაძე, დ |
| Relator term |
რედაქტორი |
| 9 (RLIN) |
1353 |
| 942 ## - ADDED ENTRY ELEMENTS (KOHA) |
| Koha item type |
წიგნი |
| Source of classification or shelving scheme |
|